000 00423nam a2200181Ia 4500
001 24549
005 20260414151051.0
008 260414t2010||||xx |||||||||||||| ||spa||
041 _aESP
082 _a345.7
_bP49 T. 1
100 _aPeyrano, Jorge W. (dir.)
_eAUT
245 0 _aMedidas cautelares :
_bdoctrina
260 _c2010
300 _a
_c23 cm.
650 _aDER
654 _aCDE
942 _cLIB
_dJUS
_fJUS
_2ddc
_n
999 _c24549
_d24549